Mutated Movies Quiz Stats

Quiz Updated Nov 17, 2016

Challenge
Share
Tweet
Embed
Score 0/34 Timer 05:00
0 Plays Today
Mutated Movie Title Real Movie Title % Correct
Funding NeroFinding Nemo
92.6%
Pump FactionPulp Fiction
92.5%
Kind KingKing Kong
91.2%
Mood Kill HintingGood Will Hunting
89.4%
Bull Fetal PacketFull Metal Jacket
88.9%
Blaze GunnerBlade Runner
88.7%
Doe HerdDie Hard
88.4%
Night ChubFight Club
87.1%
Tot StogyToy Story
86.4%
Wife Or BiLife of Pi
83.9%
MangledTangled
82.6%
ShrewShrek
81.3%
Cystic LiverMystic River
80%
Mobster's FallMonster's Ball
75.3%
UsUp
74.8%
Raving BillRaging Bull
74.1%
Blank SpanBlack Swan
71.6%
Mutated Movie Title Real Movie Title % Correct
Iran MayIron Man
71%
Pig DishBig Fish
66.9%
Bush TourRush Hour
63.6%
Shakes Or I PlankSnakes on a Plane
63.6%
Che Sold MushThe Gold Rush
61.8%
Come AlongHome Alone
60.2%
FitnessWitness
59.4%
Last SwayCast Away
57%
East SiderEasy Rider
56.2%
Stab WardStar Wars
55.4%
JunkJuno
54%
Sir PitySin City
53.4%
Tie Lines On OttersThe Lives of Others
52.3%
Kids Miss Bong BansKiss Kiss Bang Bang
50.6%
Unto Thy WillInto the Wild
50%
Rail MapRain Man
47.6%
HersHero
36.5%

You're not logged in!

Compare scores with friends on all Sporcle quizzes.
Sign Up with Email
OR
Log In

You Might Also Like...

Show Comments

Extras

Top Quizzes Today


Score Distribution

Your Account Isn't Verified!

In order to create a playlist on Sporcle, you need to verify the email address you used during registration. Go to your Sporcle Settings to finish the process.